000 00512nam a2200193Ia 4500
005 20250326141621.0
008 250326s9999 xx 000 0 und d
020 _a0-415-03711-5
037 _aTextbook
040 _aFMSL
_beng
_cFMSL
041 _aeng
_2eng
084 _aX:5.1 N0
_qFMSL
100 _aBartlett C A
_9743618
245 0 _aManaging the global firm
_cBartlett C A
260 _aUSA
_bUSA, Routledge
_c1990
300 _a375p
942 _cTB
_hX:5.1 N0
999 _c1291162
_d1291162